LEADER 01348nam a2200301 u 4500 001 000000058064 003 CaOOAMICUS 005 20130513152441.0 008 010523s1976 it f u000 u ita u 035 $a10890162 040 $aPUL(R)$bita 130 0 $aBhagavad-Gita.$lItaliano.$f1987.$0(OLS)http://pul/title/77758 245 13$aIl canto del beato :$b(Bhagavadgita) /$ca cura di Raniero Gnoli. 260 $aTorino :$bUnione Tipografico-Editrice Torinese,$c1976. 300 $a281 p. :$btav. ;$c24 cm 490 1 $aClassici delle religioni.$aSezione prima, Religioni orientali ;$v30 490 1 $aClassici UTET 504 $aContiene bibliografia. 630 04$aBhagavad-Gita.$0(OLS)http://pul/subject/22968 700 1 $aGnoli, Raniero,$d1930-$0(OLS)http://pul/name/37828 830 0$aClassici delle religioni (UTET).$nSezione prima,$pReligioni orientali ;$v30.$0(OLS)http://pul/title/2877 830 0$aClassici UTET.$0(OLS)http://pul/title/1243 850 $aPUL 852 $aPUL$W1$xSL Religione 3$y85$m200. 3 COLL 3.30$j153972$nBK-PRI$qDDC 21$B75867$CPULBib$Z2$F75867 $H45592 $82 941 1 $a9 961 $aINV: 45592 996 $6245$aIl canto del beato :$b(Bhagavadgita)$9(OLS)http://pul/title/77759 996 $6260$aTorino :$bUnione Tipografico-Editrice Torinese$9(OLS)http://pul/publisher/48798 LEADER 01588namaa2200313 a 4500 001 000000177104 003 CaOOAMICUS 005 20240718163024.0 008 240718s2023 it o u000 u ita r 020 $a978-88-498-7678-9* 032 $aLibriCat 040 $aPUL$bita 082 04$a266.2092 100 1 $aAngelita, Giovanni Marcello,$csacerdote,$d1668-1750.$0(OLS)http://pul/name/113857 245 00$aRelazione di Giovanni Marcello Angelita su Giovanni Battista Sidoti :$bRoma, prima metà del XVIII Secolo /$ctrascrizione, introduzione e note di Mario Torcivia . 260 $aSoveria Mannelli :$bRubbettino,$c©2023. 300 $a121 pagine ;$c21 cm 500 $aManoscritto conservato presso la Biblioteca Casanatense, Fondo cinese, Ms. 3515/3, LXXVIII. cc.230r-398v. 600 10$aSidotti, Giovanni Battista,$cs.j.,$d1667-1715.$0(OLS)http://pul/subject/46848 650 4$aMartiri$zGiappone.$0(OLS)http://pul/subject/40817 700 1 $aTorcivia, Mario,$csac.,$d1964-$0(OLS)http://pul/name/69893 850 $aPUL 852 $aPUL$W1$xSL Religione 3$y85$m266. 2092 ANGGI 1$j201102$qDDC 21$B206065$CPULBib$Z2$F206065 $H137306 $82 941 1 $a9 996 $6020$a978-88-498-7678-9*$9(OLS)http://pul/number/169964 996 $6082$a266.2092$9(OLS)http://pul/classification/2381 996 $6245$aRelazione di Giovanni Marcello Angelita su Giovanni Battista Sidoti :$bRoma, prima metà del XVIII Secolo$9(OLS)http://pul/title/218624 996 $6260$aSoveria Mannelli :$bRubbettino$9(OLS)http://pul/publisher/51639